| 000 | 00994nam a22002897a 4500 | ||
|---|---|---|---|
| 001 | 7101 | ||
| 003 | FISKH | ||
| 005 | 20250623141152.0 | ||
| 008 | 250623b cb ||||| |||| 00| 0 eng d | ||
| 020 | _a9780531219584 | ||
| 040 |
_aFISKH _beng _cFISKH _dFISKH |
||
| 050 | _aE185.B87 | ||
| 082 | _a973.0496073 | ||
| 100 | _aBurgan, Michael | ||
| 245 |
_aAfrican Americans in the thirteen colonies / _cBy Michael Burgan |
||
| 260 |
_aNew York : _bScholastic , _c2013. |
||
| 300 |
_a64 pages : _bcolor illustrations , maps ; _c3 cm . |
||
| 490 |
_aCornerstones of Freedom _vThird Series |
||
| 505 | _aZ | ||
| 520 | _aPresents a brief history of African-Americans and of slavery in seventeenth and eighteenth century America. | ||
| 521 | 8 |
_a1040
_bLexile |
|
| 521 | 8 |
_aZ
_bRaz-Plus |
|
| 650 |
_aAfrican Americans-History-17 th Century _vJuvenile Literaure |
||
| 650 |
_aAfrican Americans-History-18 th Century _vJuvenile Literaure |
||
| 942 |
_2ddc _cBK _n0 |
||
| 999 |
_c7101 _d7101 |
||